Lineáris programozási feladatok

Elmentve itt :
Bibliográfiai részletek
Szerző: Vargáné Szőke Márta
További közreműködők: Blázsik Zoltán (Témavezető)
Dokumentumtípus: Szakdolgozat
Megjelent: 1998
Tárgyszavak:
Online Access:http://diploma.bibl.u-szeged.hu/1705
LEADER 00684nta a2200169 i 4500
001 dipl1705
005 20130314070648.0
008 110422s1998 hu om 0|| hun d
040 |a SZTE Diploma Repozitórium  |b hun 
041 |a hun 
100 2 |a Vargáné Szőke Márta 
245 1 0 |a Lineáris programozási feladatok  |h [elektronikus dokumentum] /  |c Márta Vargáné Szőke 
260 |c 1998 
650 4 |a Informatika 
700 1 |a Blázsik Zoltán  |e ths 
856 4 0 |u http://diploma.bibl.u-szeged.hu/id/eprint/1705/1/1999_vargane_szoke_marta_1998_99.pdf  |z Dokumentum-elérés  
856 4 0 |u http://diploma.bibl.u-szeged.hu/id/eprint/1705/2/1999_vargane_szoke_marta_1998_99_biralat.pdf  |z Dokumentum-elérés